000 01809nam0a2200325 i 4500
001 RU\NLR\BIBL_A\010921827
005 20240921162023.0
010 _a9785904752804
_9100
021 _aRU
_b2015-90414
_95571
035 _a(NILC)RuMoRGB-008075137
035 _a(NLR Aleph) 010921827
090 _a10679836
_c10679836
100 _a20151208d2015 um y0rusy50 ca
101 0 _arus
102 _aRU
105 _ay|||j|||000yy
200 1 _aДиагностика экологической компетентности студентов педагогических вузов
_e[учебно-методическое пособие]
_fМ. В. Емельянова, Е. Г. Шаронова
_gФедеральное гос. бюджетное образовательное учреждение высш. проф. образования "Чувашский гос. пед. ун-т им. И. Я. Яковлева"
210 _aЧебоксары
_cНИИ педагогики и технологии
_d2015
215 _a103 с.
_d21
320 _aБиблиогр.: с. 96-99 (33 назв.)
606 1 _aВысшие педагогические учебные заведения
_jУчебно-методические пособия
_xСтуденты
_xЭкологическое воспитание
_92630660
_3RU\NLR\AUTH\661567220
675 _a378
686 1 _aЧ489.511.352.27я7
700 1 _aЕмельянова
_bМ. В.
_cд-р пед наук, экологическое образование
_f1964-
_gМарина Валерьевна
_9145527
_3RU\NLR\AUTH\770145563
701 1 _aШаронова
_bЕ. Г.
_gЕвгения Геннадьевна
801 0 _aRU
_bРГБ
_c20151120
_gRCR
942 _cBOOK
980 _aNBR